Ecología: conservar nuestro entorno, introducción a la educación ambiental

保存先:
書誌詳細
第一著者: Rosique Gracia, Javier (著者)
フォーマット: 図書
言語:スペイン語
出版事項: Madrid Ciudad Nueva 1989
主題:
タグ: タグ追加
タグなし, このレコードへの初めてのタグを付けませんか!

MARC

LEADER 00000nam a2200000 a 4500
001 UCO8997
003 CL-VaPUC
008 010119e19890000SP |||||||||||||||||spa|d
082 0 4 |a 363.7  |b ROS  |2 21 
100 0 |a Rosique Gracia, Javier  |e author  |9 454052 
245 1 0 |a Ecología: conservar nuestro entorno, introducción a la educación ambiental 
300 |a 91 p 
942 |c BK 
945 |d 20010119 00:00:00  |a vberengu 
260 |a Madrid  |b Ciudad Nueva  |c 1989 
650 7 |a CONTAMINACION  |2 CL-VaPUC  |9 258139 
650 7 |a DETERIORO DEL MEDIO AMBIENTE  |2 CL-VaPUC  |9 344369 
650 0 |a Ecología humana   |9 263207 
650 0 |a Educación ambiental  |9 262920 
650 0 |a Medio ambiente  |9 257625 
583 |a last modification  |c 20010119 00:00:00  |k Rodrigo Vera 
999 |c 293408  |d 293406 
952 |0 0  |1 0  |4 0  |6 363_700000000000000_ROS_1989  |7 0  |8 A  |9 344914  |a BIBTEO  |b BIBTEO  |d 2019-11-20  |i 3679195  |o 363.7 ROS 1989  |p 3679195  |r 2025-01-17  |w 2019-11-20  |y BK  |k ICR